LEADER 02809nam a2200469 u 4500 001 000000007042 003 CaOOAMICUS 005 20100914114911.0 008 950605m19681999fr bf u000 u fre u 035 $a10184441 040 $aPUL(R)$bita$dDAI$dBAV$dISA(R) 041 1 $afre$alat 082 04$a870 100 0 $aAmmianus Marcellinus,$d330-395.$0(OLS)http://pul/name/1699 240 10$aHistoriae$9(Ammianus Marcellinus, 330-395).$lFrancese e latino.$0(OLS)http://pul/title/10328 245 10$aHistoire /$cAmmien Marcellin ; texte établi et traduit par Edouard Galletier avec la collaboration de Jacques Fontaine. 260 $aParis :$bBelles lettres,$c1968-1999. 300 $a6 v. :$bc. geogr. pieg. ;$c21 cm 490 1 $aCollection des universités de France 500 $aVarie ristampe: seleziona il n. dell'item per vedere la data di pubblicazione di ciascun volume. 505 0 $aT. I. Livres XIV-XVI -- t. II. Livres XVII-XIX -- t. III. Livres XX-XXII -- t. IV. Livres XXIII-XXV: 1. Texte; 2. Commentaire -- t. V. Livres XXVI-XXVIII -- t. VI. Livres XXIX-XXXI, Index général. 546 $aTesto latino e trad. francese a fronte, con la stessa numerazione di pagine. 700 1 $aGalletier, Édouard,$d1885-$0(OLS)http://pul/name/7141 700 1 $aSabbah, Guy,$d1935-$0(OLS)http://pul/name/7142 700 1 $aFontaine, Jacques,$d1922-$0(OLS)http://pul/name/7143 830 0$aCollection des universités de France,$x0184-7155.$0(OLS)http://pul/title/1172 850 $aPUL 852 $aPUL$W1$xSL Cons. Gen., Altre Classi 3$y75$m870 COLL 2.AMM.1.1$j9936$nBK-PRI$av. 1$qDDC 21$B9936$CPULBib$Z2$F9936 $H79950 $82 852 $aPUL$W1$xSL Cons. Gen., Altre Classi 3$y75$m870 COLL 2.AMM.1.2$j141198$nBK-PRI$av. 2$qDDC 21$B9937$CPULBib$Z2$F9937 $H79953 $82 852 $aPUL$W1$xSL Cons. Gen., Altre Classi 3$y75$m870 COLL 2.AMM.1.4.1$j141199$nBK-PRI$av. 4.1$qDDC 21$B9938$CPULBib$Z2$F9938 $82 852 $aPUL$W1$xSL Cons. Gen., Altre Classi 3$y75$m870 COLL 2.AMM.1.4.2$j141201$nBK-PRI$av. 4.2$qDDC 21$B9939$CPULBib$Z2$F9939 $H79954 $82 852 $aPUL$W1$xSL Cons. Gen., Altre Classi 3$y75$m870 COLL 2.AMM.1.5$j141202$nBK-PRI$av. 5$qDDC 21$B9940$CPULBib$Z2$F9940 $H79955 $82 900 $aAmmiano Marcellino,$d330-395$91699 941 1 $a9 961 $aINV: v. 1-4: 2e tirage. 961 $aINV: v. 1-4: 2e tirage. 961 $aINV: v. 1-4: 2e tirage. 961 $aINV: v. 1-4: 2e tirage. 961 $aINV: v. 1-4: 2e tirage. 996 $6082$a870$9(OLS)http://pul/classification/727 996 $6245$aHistoire$9(OLS)http://pul/title/10329 996 $6260$aParis :$bBelles lettres$9(OLS)http://pul/publisher/47852 LEADER 00961naa a2200229 u 4500 001 000000094051 003 CaOOAMICUS 005 20070226130136.0 008 010725m19891992fr u000 u eng u 035 $a10898537 040 $aPUL(R)$bita 100 1 $aGianviti, François,$d1938-$0(OLS)http://pul/name/60485 245 14$aThe international monetary fund and external debt /$cby François Gianviti. 260 $a[S. l. :$bs. n.],$c1989-1992. 300 $aP. [205-286] 504 $aBibliografia in nota. 650 4$aEconomia politica.$0(OLS)http://pul/subject/7140 650 4$aDiritto internazionale pubblico.$0(OLS)http://pul/subject/13984 773 0 $tRecueil des cours$gv.III (1989) 773 0 $tRecueil des cours 1989 : collected courses of The Hague Academy of International Law$w()60529 996 $6245$aThe international monetary fund and external debt$9(OLS)http://pul/title/120907 996 $6260$a[S. l. :$bs. n.]$9(OLS)http://pul/publisher/47882